01713cam a2200385 i 4500003000900000005001700009008004100026020001500067020001800082035002300100040004500123043001200168082002300180100003700203245017300240246009300413264006900506264001000575300005300585336002600638337002800664338002700692504004100719600007300760650009000833650007900923650008801002651001001090653002801100655001701128700003501145942001201180999001701192952011801209EG-ScBUE20230503115950.0050422t2004 ua a f b 000 0 eng d a9774248317 a9789774248313 a(OCoLC)ocm59281823 aOSUbengerdacOSUdBAKERdDLCdEG-ScBUE af-ua---04a720.96216bDOB2221 aDobrowolska, Agnieszka,eauthor.10aMuhammad ʻAli Pasha and his sabil :ba guide to the permanent exhibition in the sabil Muhammad ʻAli Pasha in al-Aqqadin, Cairo /cAgnieszka Dobrowolska, Khaled Fahmy.30aGuide to the permanent exhibition in the sabil Muhammad ʻAli Pasha in al-Aqaadin, Cairo 1aCairo ;aNew York :bAmerican University in Cairo Press,c[2004] 4cc2004 a64 pages :billustrations (some color) ;c24 cm 2rdacontentatextbtxt 2rdamediaaunmediatedbn 2rdacarrieravolumebnc aIncludes bibliographical references.07aMuḥammad ʻAlī Bāshā,cGovernor of Egypt,d1769-1849.2BUEsh 7aIslamic architecturexConservation and restorationzEgyptzCairovExhibitions.2BUEsh 7aMonumentsxConservation and restorationzEgyptzCairovExhibitions.2BUEsh 7aHistoric buildingsxConservation and restorationzEgyptzCairovExhibitions.2BUEsh 2BUEsh bENGARCbGGENcMarch2017 vReading book1 aFahmy, Khaled,eauthor.933990 2ddccBB c24454d24426 00102ddc40708AUCaMAINbMAINc2NDd2017-03-18eDonationl0o720.96216 DOBp000041393r2025-07-15 00:00:00yBB